00757nam a2200145Ia 4500008004100000020001800041100009800059245020500157260002700362650001400389650005300403856004600456999001900502952009000521171212s9999 xx 000 0 und d a9780833041654 aBrewer, Dominic J.;Augustine, Catherine H.;Zellman, Gail L.;Ryan, Gery W.;Goldman, Charles A. cBrewer, Dominic J.;Augustine, Catherine H.;Zellman, Gail L.;Ryan, Gery W.;Goldman, Charles A.aEducation for a New Era, Executive SummarybDesign and Implementation of K–12 Education Reform in Qatar bRAND Corporationc2007 aEducation aEducation -- Qatar; Education and state -- Qatar uwww.jstor.org/stable/10.7249/mg548-1qatar c351978d351978 001040aCLbCLd2017-12-12l0oLA1435.E38 2006r2017-12-12 00:00:00w2017-12-12yCBE